La décolonisation et l'émergence du tiers-monde - Statistiques

Statistiques générales
  • Ce quiz a été pris 198 fois
  • Le résultat moyen est 3 sur 10
Statistiques - réponses
Hint Réponse % Correct
1954-62 Guerre d'Algérie
81%
1946-54 Guerre d'Indochine
79%
1964-73 Guerre du Vietnam
45%
1955 Conférence de Bandung
35%
1956 Crise de Suez
13%
1949 Indépendance de l'Indonésie
7%
1947 Indépendance de l'Inde et Pakistan
3%
1949 Proclamation de la Chine Populaire
1%
1960 Indépendance des colonies fr d'Afrique
0%
1975 Indépendance du Mozambique et de l'Angola
0%
Aucun quiz correspondant
Distribution des résultats
% des personnes avec chaque résultat
Percentile par nombre de réponses
Votre historique - résultats
Vous n’avez pas pris ce quiz